[Event "Saint Louis Winter IM"]
[Site "Saint Louis"]
[Date "2017.02.19"]
[Round "7"]
[White "Brooks, Michael A"]
[Black "Grabinsky, Aaron"]
[Result "1-0"]
[WhiteElo "2384"]
[BlackElo "2372"]
[PlyCount "153"]
[EventDate "2017.02.16"]
[EventType "tourn"]
[EventRounds "9"]
[EventCountry "USA"]
[EventCategory "3"]
[SourceTitle "CBM 177 Extra"]
[Source "ChessBase"]
[SourceDate "2017.04.27"]
[SourceVersion "1"]
[SourceVersionDate "2017.04.27"]
[SourceQuality "1"]

1. e4 e6 2. d3 d5 3. Nd2 Nf6 4. g3 b5 5. Bg2 Bb7 6. Qe2 c5 7. Ngf3 Nc6 8. 0-0 Be7 9. Re1 Qb6 10. e5 Nd7 11. Nf1 c4 12. Be3 Bc5 13. Bxc5 Qxc5 14. Rad1 cxd3 15. cxd3 Nd4 16. Nxd4 Qxd4 17. h3 0-0 18. Nh2 b4 19. Nf3 Qb6 20. d4 Nb8 21. Qe3 Nc6 22. h4 Na5 23. b3 Rac8 24. Rc1 Nc6 25. Bf1 Ba6 26. Bxa6 Qxa6 27. Rc5 Qxa2 28. Rec1 Qa6 29. Qd2 Qb7 30. Qa2 Ne7 31. Qa4 Rxc5 32. Rxc5 Rb8 33. Qa5 Nc6 34. Qa4 Rc8 35. Rb5 Qa8 36. Qa6 Rc7 37. Rc5 Qc8 38. Qb5 h6 39. Kg2 Kf8 40. Ne1 Kg8 41. Nf3 Qd7 42. Qa4 g6 43. Qa1 Nb8 44. Qc1 Rxc5 45. Qxc5 Qb7 46. Nh2 Na6 47. Qc1 h5 48. Nf3 Nb8 49. Qc5 Na6 50. Qd6 Kg7 51. Ng5 Nb8 52. Qc5 Nc6 53. f3 a5 54. g4 a4 55. gxh5 gxh5 56. Qc2 Nxd4 57. Qh7+ Kf8 58. Qh8+ Ke7 59. Qxh5 Ke8 60. Qh8+ Kd7 61. Qf8 Qb6 62. Qxf7+ Kc8 63. Qe8+ Kb7 64. Qxa4 Nc6 65. Nxe6 d4 66. Nf4 Qc5 67. e6 Kc7 68. Qa2 Qd6 69. Qd2 Kd8 70. Kg3 Ne7 71. Kg4 Nc6 72. Qe2 Ne5+ 73. Kf5 d3 74. Qe4 Qf8+ 75. Kxe5 Qg7+ 76. Kf5 Qh7+ 77. Ng6 1-0

[Event "Saint Louis IM"]
[Site "Saint Louis"]
[Date "2016.11.22"]
[Round "9"]
[White "Brooks, Michael A"]
[Black "Gauri, Shankar"]
[Result "1/2-1/2"]
[WhiteElo "2405"]
[BlackElo "2303"]
[PlyCount "96"]
[EventDate "2016.11.17"]
[EventType "tourn"]
[EventRounds "9"]
[EventCountry "USA"]
[EventCategory "3"]
[SourceTitle "CBM 175 Extra"]
[Source "ChessBase"]
[SourceDate "2016.12.12"]
[SourceVersion "1"]
[SourceVersionDate "2016.12.12"]
[SourceQuality "1"]

1. d4 Nf6 2. Nf3 e6 3. e3 b6 4. Bd3 Bb7 5. Nbd2 c5 6. 0-0 Be7 7. c3 Nc6 8. e4 cxd4 9. cxd4 Nb4 10. Bb1 Ba6 11. Re1 0-0 12. e5 Nfd5 13. Ne4 Bb7 14. a3 Nc6 15. Qd3 g6 16. Bh6 Re8 17. Ba2 a5 18. Nfg5 f5 19. exf6 Bxf6 20. Nf3 Ba6 21. Qd2 Bg7 22. Bg5 Qc7 23. Bxd5 exd5 24. Nf6+ Bxf6 25. Bxf6 Qd6 26. Be5 Qf8 27. Bc7 Re4 28. Rxe4 dxe4 29. Ne5 Nxe5 30. dxe5 Qc5 31. Bd6 Qc4 32. Re1 Bb7 33. h4 Qe6 34. Qh6 Qg4 35. Re3 Qh5 36. Qxh5 gxh5 37. Rb3 a4 38. Rxb6 Bd5 39. Rb5 Bc6 40. Rc5 Kf7 41. Kf1 Ke6 42. Ke2 Ra7 43. Rc3 Rb7 44. Bb4 Rb5 45. Rc5 Rxc5 46. Bxc5 Kxe5 47. Ke3 Bd5 48. Bd4+ Kf5 1/2-1/2

[Event "Saint Louis IM"]
[Site "Saint Louis"]
[Date "2016.11.20"]
[Round "6"]
[White "Larson, Matthew W"]
[Black "Brooks, Michael A"]
[Result "1/2-1/2"]
[WhiteElo "2334"]
[BlackElo "2405"]
[PlyCount "141"]
[EventDate "2016.11.17"]
[EventType "tourn"]
[EventRounds "9"]
[EventCountry "USA"]
[EventCategory "3"]
[SourceTitle "CBM 175 Extra"]
[Source "ChessBase"]
[SourceDate "2016.12.12"]
[SourceVersion "1"]
[SourceVersionDate "2016.12.12"]
[SourceQuality "1"]

1. d4 d6 2. e4 g6 3. Bc4 Bg7 4. Nf3 e6 5. 0-0 Nd7 6. Re1 Ne7 7. a4 h6 8. a5 0-0 9. Nc3 Kh7 10. Bd2 a6 11. Bf1 c5 12. dxc5 Nxc5 13. e5 d5 14. b4 Nd7 15. b5 axb5 16. Nxb5 Nc6 17. Bc3 b6 18. axb6 Rxa1 19. Bxa1 Qxb6 20. c4 Ba6 21. h4 Kg8 22. cxd5 Bxb5 23. dxc6 Bxc6 24. Bd3 Nc5 25. Bc2 Rd8 26. Qe2 Qb4 27. Qe3 Qg4 28. Rd1 Rxd1+ 29. Bxd1 Nd7 30. Qa7 Qe4 31. Qc7 Qb1 32. Qxc6 Qxd1+ 33. Kh2 Qxa1 34. Qxd7 Bxe5+ 35. g3 Qf1 36. Qd2 Bg7 37. Qe3 Qc4 38. Kg2 Qd5 39. Kg1 Bf8 40. Kg2 Kh7 41. Qf4 Kg7 42. Kg1 Bd6 43. Qe3 Qc5 44. Qxc5 Bxc5 45. Ne5 Bd4 46. Nd3 e5 47. Kf1 Kf6 48. f3 Ke6 49. Ke2 Kd5 50. Nb4+ Kc5 51. Nd3+ Kc4 52. Kd2 f5 53. Ke2 Kc3 54. Ne1 Kc4 55. Nd3 Bc3 56. Ke3 Kd5 57. Ke2 g5 58. hxg5 hxg5 59. Nf2 Bd4 60. Nh3 g4 61. fxg4 fxg4 62. Ng5 e4 63. Nf7 Bg7 64. Ke3 Bd4+ 65. Ke2 Bg7 66. Ke3 Bb2 67. Kf4 Kd4 68. Nd6 e3 69. Nf5+ Kd3 70. Nxe3 Bc1 71. Kxg4 1/2-1/2

[Event "Saint Louis IM"]
[Site "Saint Louis"]
[Date "2016.11.18"]
[Round "2"]
[White "Brooks, Michael A"]
[Black "Homa, Seth"]
[Result "1/2-1/2"]
[WhiteElo "2405"]
[BlackElo "2329"]
[PlyCount "29"]
[EventDate "2016.11.17"]
[EventType "tourn"]
[EventRounds "9"]
[EventCountry "USA"]
[EventCategory "3"]
[SourceTitle "CBM 175 Extra"]
[Source "ChessBase"]
[SourceDate "2016.12.12"]
[SourceVersion "1"]
[SourceVersionDate "2016.12.12"]
[SourceQuality "1"]

1. e4 e5 2. Nf3 Nc6 3. Bb5 a6 4. Bxc6 dxc6 5. d3 Bd6 6. Nbd2 Ne7 7. Nc4 f6 8. Bd2 c5 9. a3 Be6 10. b4 cxb4 11. axb4 0-0 12. 0-0 Qd7 13. Rb1 Rfd8 14. Kh1 Ng6 15. Ne3 1/2-1/2

[Event "Saint Louis IM"]
[Site "Saint Louis"]
[Date "2016.11.17"]
[Round "1"]
[White "Kavutskiy, Konstantin"]
[Black "Brooks, Michael A"]
[Result "1-0"]
[WhiteElo "2344"]
[BlackElo "2405"]
[PlyCount "87"]
[EventDate "2016.11.17"]
[EventType "tourn"]
[EventRounds "9"]
[EventCountry "USA"]
[EventCategory "3"]
[SourceTitle "CBM 175 Extra"]
[Source "ChessBase"]
[SourceDate "2016.12.12"]
[SourceVersion "1"]
[SourceVersionDate "2016.12.12"]
[SourceQuality "1"]

1. d4 g6 2. c4 d6 3. Nc3 Bg7 4. Nf3 Nd7 5. e4 e5 6. Be2 Ngf6 7. 0-0 0-0 8. Be3 Re8 9. d5 Ng4 10. Bg5 f6 11. Bh4 Nh6 12. Qd2 a5 13. Bd1 Nc5 14. Bc2 b6 15. b3 Qe7 16. a3 Ba6 17. b4 Nd7 18. Nb5 Rec8 19. Qe2 Nf7 20. Nd2 Nd8 21. Qd3 Bh6 22. f3 Nb7 23. Rfd1 Bg5 24. Bf2 h5 25. Nc3 h4 26. Ba4 Nd8 27. Bc6 Bb7 28. Bxb7 Nxb7 29. Nf1 Kg7 30. Nb5 Nb8 31. Rab1 Na6 32. Ne3 Rf8 33. Re1 Qd7 34. Nf1 Rf7 35. Be3 Bxe3+ 36. Qxe3 axb4 37. axb4 c5 38. dxc6 Qxc6 39. Qc3 Nc7 40. Nxc7 Rxc7 41. Ne3 b5 42. Nd5 Rcc8 43. Qe3 Rf8 44. cxb5 1-0

[Event "Saint Louis IM"]
[Site "Saint Louis"]
[Date "2016.06.09"]
[Round "3"]
[White "Kavutskiy, Konstantin"]
[Black "Brooks, Michael A"]
[Result "0-1"]
[WhiteElo "2367"]
[BlackElo "2410"]
[PlyCount "94"]
[EventDate "2016.06.08"]
[EventType "tourn"]
[EventRounds "9"]
[EventCountry "USA"]
[EventCategory "3"]
[SourceTitle "EXT 2017"]
[Source "ChessBase"]
[SourceDate "2016.10.25"]
[SourceVersion "1"]
[SourceVersionDate "2016.10.25"]
[SourceQuality "1"]

1. d4 g6 2. c4 d6 3. e4 e5 4. d5 Nd7 5. Nc3 Bg7 6. Nf3 Ne7 7. Be2 0-0 8. h4 Nf6 9. Nh2 c6 10. g4 cxd5 11. cxd5 h6 12. Be3 Bd7 13. Qd2 b5 14. Bf3 h5 15. gxh5 Nxh5 16. 0-0-0 Nf4 17. Ne2 Nexd5 18. Bxf4 Nxf4 19. Kb1 Be6 20. h5 b4 21. Ng4 Re8 22. Nxf4 exf4 23. hxg6 fxg6 24. Nh6+ Kf8 25. Qxf4+ Qf6 26. Qxf6+ Bxf6 27. e5 Bxe5 28. Bxa8 Rxa8 29. f3 b3 30. axb3 Bxb3 31. Rc1 a5 32. Ng4 Bg7 33. Rc7 Re8 34. Rhc1 Be6 35. Nf2 a4 36. Rb7 a3 37. Rcc7 Bxb2 38. Ne4 Be5 39. Nc3 d5 40. Rc5 d4 41. Na2 Bf5+ 42. Kc1 d3 43. Kd1 Bg3 44. Nc3 a2 45. Nxa2 Re1+ 46. Kd2 Re2+ 47. Kc3 Rc2+ 0-1

[Event "USA tt"]
[Site "ICC INT"]
[Date "2015.10.07"]
[Round "7"]
[White "Moradiabadi, Elshan"]
[Black "Brooks, Michael A"]
[Result "1-0"]
[WhiteElo "2587"]
[BlackElo "2431"]
[PlyCount "111"]
[EventDate "2015.08.25"]
[EventType "team-swiss"]
[EventRounds "10"]
[EventCountry "USA"]
[SourceTitle "EXT 2017"]
[Source "ChessBase"]
[SourceDate "2016.10.25"]
[SourceVersion "1"]
[SourceVersionDate "2016.10.25"]
[SourceQuality "1"]
[WhiteTeam "Lubbock"]
[BlackTeam "St Louis"]
[WhiteTeamCountry "USA"]
[BlackTeamCountry "USA"]

1. d4 Nf6 2. Nf3 g6 3. g3 Bg7 4. Bg2 0-0 5. c4 d6 6. 0-0 Nbd7 7. Nc3 e5 8. e4 b6 9. Be3 Bb7 10. d5 a5 11. Nd2 Bc8 12. a3 Nc5 13. h3 Nh5 14. Kh2 Bd7 15. b4 axb4 16. axb4 Rxa1 17. Qxa1 Nd3 18. Na2 f5 19. Qc3 f4 20. Qxd3 fxe3 21. Qxe3 Qa8 22. Nc1 Qa4 23. Nd3 Qa3 24. Bf3 Nf6 25. Be2 Qa2 26. c5 Bb5 27. Rc1 h5 28. cxd6 cxd6 29. Rc3 Bxd3 30. Bxd3 Rf7 31. Kg2 Kh7 32. Rc2 Qa3 33. Nc4 Qxb4 34. Rb2 Qc3 35. Rxb6 Bh6 36. Qe2 h4 37. Nxd6 Rf8 38. g4 Kg8 39. Rc6 Qa1 40. Nc4 Bf4 41. Re6 Kg7 42. d6 Qd4 43. Re7+ Rf7 44. Rxf7+ Kxf7 45. Qc2 Kg7 46. Qb3 Kh6 47. Bb1 Kg5 48. Qd3 Qa7 49. Nd2 Kh6 50. Nf3 g5 51. Qc4 Qd7 52. Qc5 Qe6 53. Bd3 Ne8 54. d7 Qxd7 55. Nxe5 Qc7 56. Qf8+ 1-0